Chanteurs et chanteuses des années 1950 par images #1 - Statistiques

Statistiques générales
  • Ce quiz a été pris 93 fois
  • Le résultat moyen est 8 sur 20
Statistiques - réponses
Par images Réponse % Correct
Édith Piaf
95%
Elvis Presley
95%
Dalida
89%
Georges Brassens
88%
Louis Armstrong
83%
Luis Mariano
45%
Chuck Berry
44%
Doris Day
30%
Ella Fitzgerald
29%
Harry Belafonte
27%
Jerry Lee Lewis
24%
Buddy Holly
23%
Johnny Cash
23%
Ritchie Valens
14%
Billie Holiday
12%
Bing Crosby
12%
Gene Vincent
9%
Nat King Cole
8%
Eartha Kitt
6%
Sarah Vaughan
3%
Aucun quiz correspondant
Distribution des résultats
% des personnes avec chaque résultat
Percentile par nombre de réponses
Votre historique - résultats
Vous n’avez pas pris ce quiz